Poesia incompleta (Registo nº 201910)

Detalhes MARC
000 -Etiqueta do registo
Valores 00596nam a2200193Ia 4500
100 ## - Dados gerais de processamento
Dados gerais 20220927 frey50
101 ## - Língua de publicação
Língua Português
200 ## - Titulo e menção de responsabilidade
Título próprio Poesia incompleta
Primeira menção de responsabilidade Mário Dionísio
210 ## - Publicação
Local de publicação Lisboa
Nome do editor Publicações Europa-América
Data de publicação imp.1966
215 ## - Descrição física 
Paginação / Volumes 340, [2] p.
Dimensões 19 cm
Outras indicações físicas brochado
225 ## - Colecção 
Título próprio da colecção Obras de Mário Dionísio
Indicação de volume 1
300 ## - Notas gerais 
Texto da nota Contém dedicatória na folha de guarda
606 ## - Nome comum usado como assunto
Palavra de ordem Literatura Portuguesa
ID Autoridade 23
Subdivisão assunto Poesia
675 ## - CDU
Notação 821.134.3-1
Edição PT
Língua por
700 ## - Autor principal (pessoa individual)
Apelido Dionísio
ID Autoridade 13710
Nome Mário
830 ## - Notas gerais do catalogador
Criado por Ana Falardo
Indexado por Ana Falardo
990 ## - Elementos KOHA
Tipo de documento Livro
Exemplares
Situação do levantamento Biblioteca de origem Código de barras Cota Permissão de empréstimo Tipo de documento Nota relativa ao exemplar Forma de aquisição
  Biblioteca Municipal de Montemor-o-Novo 31305 821.134.3-1 DIO|SAF   Livro Acesso Condicionado Oferta

Powered by Koha